000
00352 a2200169 4500
001
189131
020
_a
85-16-04132-8
040
_c
Magnum
100
_a
Belinky,tatiana
240
1
0
_a
O caso do bolinho
_l
por
245
1
0
_a
O caso do bolinho
300
_a
32
362
0
_a
2010
440
1
_a
Moderna
697
_a
LITERATURA INFANTO
942
_c
BK
999
_c
189131
_d
189131